To the settlers in Austin's settlement ... /

Bibliographic Details
Main Author: Austin, Stephen F. (Stephen Fuller), 1793-1836
Format: Book
Language:English
Published: New Haven, Conn. : Yale Collection of Western Americana, 1986.
Subjects:

MARC

Tag First Indicator Second Indicator Subfields
LEADER 00000cam a2200000 a 4500
001 in00001352113
005 20190207095753.0
008 870126r19861823ctu 000 0 eng d
035 |a (OCoLC)15111931 
035 |9 AHG0844AM 
040 |a IBV  |c IBV  |d TXA  |d UtOrBLW 
043 |a n-us-tx 
049 |a TXAM 
090 |a F394.A9  |b A89 
100 1 |a Austin, Stephen F.  |q (Stephen Fuller),  |d 1793-1836. 
245 1 0 |a To the settlers in Austin's settlement ... /  |c Stephen F. Austin. 
264 1 |a New Haven, Conn. :  |b Yale Collection of Western Americana,  |c 1986. 
300 |a  broadside ;  |c 50 x 33 cm. 
336 |a text  |b txt  |2 rdacontent 
337 |a unmediated  |b n  |2 rdamedia 
338 |a volume  |b nc  |2 rdacarrier 
500 |a The Cushing Library/Chapman Texas Collection copy is part of the Floyd & Louise Chapman Texas & Borderlands Collection.  |5 TXA 
500 |a Reprint. Originally published: Province of Texas, July, 1823. 
500 |a "The only known copy ... It is a printer's proof with corrections in Austin's own hand. Four hundred facsimiles of it have been made for friends of the Yale Collection of Western Americana at Christmas 1986." 
651 0 |a Texas  |x History  |y To 1846  |x Sources. 
999 |a MARS 
999 f f |s 7187b75a-7177-3406-844a-359196610036  |i 055cdf3f-d00e-3453-b92c-c136face9cb7  |t 0 
952 f f |p noncirc  |a Texas A&M University  |b College Station  |c Cushing Memorial Library & Archives  |d Cushing: Chapman Texas Collection (Does not check out)  |t 0  |e F394.A9 A89  |f Flat File  |h Library of Congress classification  |i unmediated -- volume 
998 f f |a F394.A9 A89  |t 0  |l Cushing: Chapman Texas Collection (Does not check out)